Statistical rethinking a bayesian course with examples in R and Stan /

Saved in:
Bibliographic Details
Main Author: McElreath, Richard (Author)
Format: Book
Language:English
Published: CRC Press 2020
Edition:2. vydanie
Subjects:
Tags: Add Tag
No Tags, Be the first to tag this record!

MARC

LEADER 00000nam a22000003a 4500
001 0118672
003 SK-STU
005 20251205140710.0
007 ta
008 251205s ----xo-----e------000-0-----d
020 |a 978-0-367-13991-9 
040 |a STU  |b slo 
041 0 |a eng 
044 |a xxk 
080 |a 539/St (MTF STU) 
100 1 |a McElreath, Richard  |4 aut 
245 1 0 |a Statistical rethinking  |b a bayesian course with examples in R and Stan /  |c aut. Richard McElreath 
250 |a 2. vydanie 
260 |b CRC Press  |c 2020 
300 |a 593 s. 
650 0 7 |a kvantová mechanika 
650 0 7 |a kvantová teória 
650 0 7 |a teoretická fyzika 
996 |b 284M089819  |c M* 14924-1  |l MMST  |s A  |a 24  |w 0118672_0001